Statistics for American Vogue Cover Stars 1991-2024

Click here to take the quiz!

General Stats

  • This quiz has been taken 9 times
  • The average score is 88 of 394

Answer Stats

YearMonthAnswer% Correct
April | August | December | JanuaryJennifer Aniston
86%
2005April | December | JanuaryJennifer Lopez
86%
April | March | SeptemberBeyoncé
71%
December | February | July | +5 othersClaudia Schiffer
71%
April | SeptemberSerena Williams
71%
February | May | SeptemberTaylor Swift
71%
NovemberBritney Spears
57%
August | February | January | +3 othersCindy Crawford
57%
JulyEmma Watson
57%
April | JanuaryGwen Stefani
57%
2002January | MarchJulianne Moore
57%
April | SeptemberKendall Jenner
57%
March | MayKim Kardashian
57%
August | OctoberMadonna
57%
2012December | JanuaryMeryl Streep
57%
JuneNaomi Campbell
57%
DecemberNicki Minaj
57%
February | June | May | +2 othersReese Witherspoon
57%
April | June | March | +2 othersRihanna
57%
DecemberAmy Adams
43%
April | December | January | +2 othersAngelina Jolie
43%
AprilBella Hadid
43%
June | May | OctoberCameron Diaz
43%
July | OctoberDemi Moore
43%
April | February | MarchDrew Barrymore
43%
July | May | NovemberEmma Stone
43%
MarchGigi Hadid
43%
April | December | July | +2 othersGisele Bündchen
43%
DecemberHillary Clinton
43%
JuneJulia Roberts
43%
July | MayKaty Perry
43%
FebruaryKristen Stewart
43%
July | June | June/JulyMargot Robbie
43%
OctoberMichelle Williams
43%
AugustOlivia Rodrigo
43%
December | June | MarchPenélope Cruz
43%
July | JuneZendaya
43%
JuneAmanda Seyfried
29%
2009December | January | NovemberAnne Hathaway
29%
AugustAriana Grande
29%
MarchBillie Eilish
29%
December | January | July | NovemberCate Blanchett
29%
JulyCatherine Zeta-Jones
29%
AprilCoco Gauff
29%
MayGal Gadot
29%
August | March | May | +2 othersGwyneth Paltrow
29%
December | SeptemberHalle Berry
29%
FebruaryJessica Biel
29%
January | July | June | SeptemberKate Hudson
29%
July | November | OctoberKate Winslet
29%
December | June | May | +2 othersKeira Knightley
29%
March | October | SeptemberLady Gaga
29%
FebruaryMelania Trump
29%
April | December | MarchMichelle Obama
29%
August | December | July | +3 othersNicole Kidman
29%
JuneSalma Hayek
29%
January | June | March | OctoberSandra Bullock
29%
April | MayScarlett Johansson
29%
AprilSelena Gomez
29%
DecemberSharon Stone
29%
June | NovemberUma Thurman
29%
March | NovemberAdele
14%
August | February | JuneBlake Lively
14%
AprilBrooke Shields
14%
May | November | OctoberCarey Mulligan
14%
December | June | October | SeptemberCharlize Theron
14%
August | OctoberChristy Turlington
14%
June/JulyDua Lipa
14%
DecemberEmily Blunt
14%
MayGeena Davis
14%
DecemberHarry Styles
14%
MarchJennifer Hudson
14%
December | October | SeptemberJennifer Lawrence
14%
DecemberJessica Chastain
14%
FebruaryKamala Harris
14%
August | July | June | SeptemberKate Moss
14%
July | SeptemberKirsten Dunst
14%
August | March | November | SeptemberLinda Evangelista
14%
MayLiya Kebede
14%
OctoberLizzo
14%
January | July | OctoberLupita Nyong'o
14%
February | January | March | MayNatalie Portman
14%
1994JanuaryNiki Taylor
14%
OctoberOprah Winfrey
14%
DecemberPhoebe Waller-Bridge
14%
2019JanuaryPriyanka Chopra
14%
2010JanuaryRachel McAdams
14%
April | December | February | SeptemberRenée Zellweger
14%
August | December | February | +2 othersSarah Jessica Parker
14%
AugustSimone Biles
14%
FebruaryStephanie Seymour
14%
August | December | OctoberWinona Ryder
14%
2016January | MarchAlicia Vikander
0%
MayAmal Clooney
0%
MayAmanda Gorman
0%
April | August | February | +5 othersAmber Valletta
0%
JulyAmy Schumer
0%
FebruaryAngela Lindvall
0%
FebruaryAngela Lindvall, Carolyn Murphy, and Stella Tennant
0%
MayAnok Yai, Gigi Hadid, Devon Aoki, Adut Akech, Naomi Campbell, Kendall Jenner, Natalia Vodianova, Liu Wen, Shalom Harlow, and Amber Valletta
0%
JuneAshley Judd
0%
FebruaryBen Stiller and Penélope Cruz
0%
SeptemberBridget Hall
0%
AprilBridget Hall, Brandi Quinones, and Niki Taylor
0%
April | JulyCara Delevigne
0%
2020JanuaryCardi B & Kulture Cephus, Greta Gerwig & Harold Baumbach, Ashley Graham, Stella McCartney & Bailey Willis, Beckett Willis, Miller Willis, and Reiley Willis
0%
August | MayCarmen Kass
0%
NovemberCarmen Kass, Angela Lindvall, Maggie Rizer, and Frankie Rayder
0%
April | August | March | OctoberCarolyn Murphy
0%
AprilCarolyn Murphy, Amber Valletta, and Shalom Harlow
0%
NovemberCatherine Zeta-Jones and Renée Zellweger
0%
NovemberCindy Crawford and Richard Gere
0%
August | JulyClaire Danes
0%
NovemberClaire Foy
0%
AprilClaudia Schiffer, Yasmeen Ghauri, Naomi Campbell, Niki Taylor, Elaine Irwin, Tatjana Patitz, Christy Turlington, Linda Evangelista, Karen Mulder, and Cindy Crawford
0%
NovemberDaisy Ridley
0%
FebruaryDakota Johnson
0%
SeptemberDaria Werbowy, Natalia Vodianova, Gisele Bündchen, Isabeli Fontana, Karolina Kurková, Liya Kebede, Hana Soukupová, Gemma Ward, and Karen Elson
0%
FebruaryDebra Messing
0%
MayDiana, Princess of Wales
0%
AprilDoona Bae, Scarlett Johansson, Deepika Padukone, Léa Seydoux, Adeusa Etomi, Elizbeth Debicki, and Angelababy
0%
MayElizabeth Hurley
0%
JuneElle Fanning
0%
AugustEmma Corrin
0%
MarchErykah Badu
0%
February | January/FebruaryFlorence Pugh
0%
2021JanuaryFrances McDormand, Naomi Osaka, Paloma Elsesser, and Rosalía
0%
August | MayGeorgina Grenville
0%
AugustGigi Hadid and Ashton Eaton
0%
AugustGigi Hadid and Zayn Malik
0%
2000JanuaryGisele Bündchen and Carmen Kass
0%
JuneGisele Bündchen and George Clooney
0%
AprilGisele Bündchen and LeBron James
0%
AprilHelena Christensen, Claudia Schiffer, Naomi Campbell, Christy Turlington, and Stephanie Seymour
0%
1993JanuaryHelena Christensen, Karen Mulder, Christy Turlington, Niki Taylor, Nadège du Bospertus, Beverly Peele, Meghan Douglas, Patricia Hartmann, Shalom Harlow, Claudia Mason, and Laura Harris
0%
SeptemberHOPE A Special Issue
0%
JuneHope Solo, Ryan Lochte, and Serena Williams
0%
FebruaryHoYeon Jung
0%
NovemberJennifer Connelly
0%
1999JanuaryJewel
0%
AugustJill Biden
0%
SeptemberJoan Smalls, Cara Delevigne, Karlie Kloss, Arizona Muse, Edie Campbell, Imaan Hammam, Fei Fei Sun, Vanessa Axente, and Andreea Diaconu
0%
AprilJudit Mascó, Niki Taylor, and Karen Mulder
0%
DecemberJulia Ormond
0%
MarchJustin and Hailey Bieber
0%
June/JulyKaia Gerber
0%
SeptemberKaia Gerber, Anok Yai, Precious Lee, Bella Hadid, Sherry Shi, Ariel Nicholson, Yumi Nu, and Lourdes Leon
0%
August | January | July | MarchKaren Mulder
0%
MarchKarlie Kloss and Taylor Swift
0%
FebruaryKarolina Kurková
0%
FebruaryKate Bosworth
0%
March | SeptemberKate Moss and Amber Valletta
0%
NovemberKate Moss, Gisele Bündchen, Lauren Hutton, Iman, Naomi Campbell, Stephanie Seymour, Amber Valletta, Christy Turlington, Claudia Schiffer, Lisa Taylor, Paulina Porizkova, Carolyn Murphy, and Patti Hansen
0%
JuneKate Upton
0%
JulyKiara Kabukuru
0%
MayKim Basinger
0%
AprilKim Kardashian and Kanye West
0%
February | November | OctoberKirsty Hume
0%
AprilKristen McMenamy
0%
FebruaryLena Dunham
0%
MayLily Donaldson, Hilary Rhoda, Doutzen Kroes, Sasha Pivovarova, Caroline Trentini, Raquel Zimmermann, Jessica Stam, Chanel Iman, Coco Rocha, and Agyness Deyn
0%
MayLily Kebede, Natalia Vodianova, Anna Jagodzińska, Isabeli Fontana, Lara Stone, Jourdan Dunn, Raquel Zimmermann, Caroline Trentini, and Natasha Poly
0%
SeptemberLinda Evangelista, Cindy Crawford, Christy Turlington, and Naomi Campbell
0%
AprilLisa Marie Presley
0%
MarchLiu Wen, Ashley Graham, Kendall Jenner, Gigi Hadid, Imaan Hammam, Adwoa Aboah, and Vittoria Ceretti
0%
OctoberLorde
0%
DecemberLucie de la Falaise
0%
AprilMaggie Rizer and Kate Moss
0%
August | JulyMarion Cotillard
0%
2001JanuaryMarion Jones
0%
NovemberMichaela Coel
0%
OctoberMichelle Pfieffer
0%
MarchMiuccia Prada
0%
November | SeptemberNadja Auermann
0%
FebruaryNaomi Campbell and Christy Turlington
0%
NovemberNaomi Campbell and Emily Ratajkowski
0%
MayNaomi Campbell and Niki Taylor
0%
July | NovemberNatalia Vodianova
0%
NovemberNicole Kidman, Marion Cotillard, Penélope Cruz, and Kate Hudson
0%
1991JanuaryNiki Taylor, Stephanie Roberts, and Audrey Benoit
0%
OctoberOlivia Colman
0%
2022JanuaryOlivia Wilde
0%
June/JulyOur Common Thread
0%
AugustPriscilla Presley, Lisa Marie Presley, and Riley Keough
0%
OctoberRachel Weisz
0%
February | November | OctoberRooney Mara
0%
2017JanuaryRuth Negga
0%
AugustSaoirse Ronan
0%
JuneSarah Jessica Parker and Chris Noth
0%
FebruarySerena Williams and Alexis Olympia Ohanian
0%
FebruaryShalom Harlow
0%
March | SeptemberShalom Harlow and Amber Valletta
0%
DecemberShalom Harlow and Georgina Grenville
0%
January | January/February | July | SeptemberSienna Miller
0%
2006JanuarySierra Miller
0%
1998JanuarySpice Girls
0%
February | NovemberStella Tennant
0%
JuneTatjana Patitz
0%
MarchTina Fey
0%
AprilUgbad Abdi, Adut Akech, Kaia Gerber, Adesuwa Aighewi, Anok Yai, Imaan Hammam, Jill Kortleve, Krini Hernández, Liu Wen, Mika Schneider, Nora Attal, Paloma Elsesser, Rosanna Georgiou, Fran Summers, Vittoria Ceretti
0%

Score Distribution

Percentile by Number Answered

Percent of People with Each Score

Your Score History

You have not taken this quiz